00381nam a2200121Ia 4500008004100000041000800041082000800049100007400057245006500131260004900196300000800245440000600253221007s9999 xx 000 0 und d aeng bSHR aShraddha Kamble - 2k161029; Dr. Arpita Singh - Guide & Digital Thrust 4aThe Effective Of Training And Developement At Digital Thrust c2016bSavitribai Phule Pune UniversityaPune a71p v1